[Event "Buenos Aires ProAm op 26th"]
[Site "Buenos Aires"]
[Date "2019.10.11"]
[Round "6"]
[White "Vercillo, Fernando"]
[Black "Maldonado, Gonzalo"]
[Result "1/2-1/2"]
[WhiteElo "1851"]
[BlackElo "1934"]
[PlyCount "119"]
[EventDate "2019.10.06"]
[EventType "team-swiss"]
[EventRounds "8"]
[EventCountry "ARG"]
[SourceTitle "CBM 192 Extra"]
[Source "Chessbase"]
[SourceDate "2019.11.06"]
[SourceVersion "1"]
[SourceVersionDate "2019.11.06"]
[SourceQuality "1"]

1. e4 c5 2. Nf3 e6 3. c4 Nc6 4. Nc3 d6 5. g3 g6 6. Bg2 Bg7 7. d3 Nge7 8. 0-0 a6 9. Rb1 Rb8 10. Ne2 f5 11. Nf4 0-0 12. Re1 Re8 13. Ng5 Nd4 14. Be3 h6 15. Ngh3 e5 16. Nd5 Nxd5 17. cxd5 Qa5 18. Bxd4 cxd4 19. Qb3 Bd7 20. f4 Qb5 21. Qa3 Bf8 22. Nf2 Rbc8 23. Rbc1 Rxc1 24. Rxc1 Rc8 25. b3 Rc3 26. Rxc3 dxc3 27. b4 c2 28. Qc3 Qa4 29. Qb2 exf4 30. d4 fxg3 31. hxg3 Bb5 32. Bf1 Bxf1 33. Kxf1 fxe4 34. Nxe4 Qb5+ 35. Ke1 Qd3 36. Nc3 Qe3+ 37. Ne2 Qe4 38. Kd2 Qxd5 39. Qxc2 Kh7 40. Qxg6+ Kxg6 41. Nf4+ Kf5 42. Nxd5 Kg4 43. Nf6+ Kxg3 44. Ke3 Kh4 45. Kf4 h5 46. d5 Bg7 47. Ne4 Be5+ 48. Kf3 Kh3 49. a4 Kh2 50. Kf2 b5 51. axb5 axb5 52. Kf3 Kg1 53. Nf2 h4 54. Nh3+ Kf1 55. Nf2 Bg3 56. Ne4 Ke1 57. Nc3 Kd2 58. Nxb5 Kd3 59. Nxd6 Bxd6 60. Kg2 1/2-1/2

[Event "Villa Martelli ProAm op 24th"]
[Site "Villa Martelli"]
[Date "2017.10.08"]
[Round "9"]
[White "Olivera, Horacio"]
[Black "Maldonado, Gonzalo"]
[Result "1-0"]
[WhiteElo "2097"]
[BlackElo "1982"]
[PlyCount "55"]
[EventDate "2017.10.01"]
[EventType "swiss"]
[EventRounds "9"]
[EventCountry "ARG"]
[SourceTitle "CBM 181 Extra"]
[Source "ChessBase"]
[SourceDate "2017.12.12"]
[SourceVersion "1"]
[SourceVersionDate "2017.12.12"]
[SourceQuality "1"]

1. Nf3 Nf6 2. c4 g6 3. b3 Bg7 4. Bb2 0-0 5. g3 c5 6. Bg2 Nc6 7. 0-0 d6 8. Nc3 a6 9. d3 Rb8 10. Qd2 b6 11. h3 Bb7 12. Rac1 h6 13. e3 e6 14. Rfd1 d5 15. cxd5 Nxd5 16. Nxd5 Qxd5 17. Bxg7 Kxg7 18. d4 Qf5 19. dxc5 bxc5 20. Qc3+ Qf6 21. Qxf6+ Kxf6 22. Rxc5 Nb4 23. a3 Nd5 24. b4 Rbc8 25. Rdc1 Nb6 26. Ne5 Rxc5 27. Rxc5 Bxg2 28. Kxg2 1-0

[Event "Villa Martelli ProAm op 24th"]
[Site "Villa Martelli"]
[Date "2017.10.07"]
[Round "8"]
[White "Amoroso, Juan Pablo"]
[Black "Maldonado, Gonzalo"]
[Result "0-1"]
[WhiteElo "2014"]
[BlackElo "1982"]
[PlyCount "76"]
[EventDate "2017.10.01"]
[EventType "swiss"]
[EventRounds "9"]
[EventCountry "ARG"]
[SourceTitle "CBM 181 Extra"]
[Source "ChessBase"]
[SourceDate "2017.12.12"]
[SourceVersion "1"]
[SourceVersionDate "2017.12.12"]
[SourceQuality "1"]

1. Nf3 Nf6 2. c4 g6 3. Nc3 Bg7 4. g3 0-0 5. Bg2 d5 6. cxd5 Nxd5 7. h4 h5 8. 0-0 c5 9. Ng5 Nf6 10. d3 Nbd7 11. Bf4 a6 12. Qc1 Ra7 13. Nge4 b6 14. Rd1 Bb7 15. Bh6 Qa8 16. Nxf6+ Nxf6 17. Bxb7 Rxb7 18. Bxg7 Kxg7 19. d4 cxd4 20. Rxd4 Rd8 21. Rxd8 Qxd8 22. Qe3 Rd7 23. Rc1 Rd2 24. b4 Qd6 25. a3 Ng4 26. Qf3 Ne5 27. Qb7 b5 28. Kg2 f5 29. Qa8 Nc4 30. Qe8 Qe6 31. a4 Nd6 32. Qa8 Ne4 33. Nxe4 fxe4 34. Rc6 Qf7 35. Qxa6 Rxe2 36. Qb6 e3 37. Qd4+ Kh7 38. Kh3 Qf5+ 0-1

[Event "ARG-ch sf 92nd"]
[Site "Buenos Aires"]
[Date "2017.07.14"]
[Round "5"]
[White "Villca, Julian"]
[Black "Maldonado, Gonzalo"]
[Result "1-0"]
[WhiteElo "2233"]
[BlackElo "1987"]
[PlyCount "75"]
[EventDate "2017.07.10"]
[EventType "swiss"]
[EventRounds "9"]
[EventCountry "ARG"]
[SourceTitle "EXT 2018"]
[Source "ChessBase"]
[SourceDate "2017.10.13"]
[SourceVersion "1"]
[SourceVersionDate "2017.10.13"]
[SourceQuality "1"]

1. c4 e5 2. g3 f5 3. Bg2 Nf6 4. Nc3 Nc6 5. e3 Bb4 6. Nge2 Bxc3 7. Nxc3 0-0 8. 0-0 d6 9. b3 a5 10. Bb2 Kh8 11. d4 Qe8 12. Qd2 Bd7 13. Nb5 Qc8 14. Rad1 Re8 15. dxe5 Nxe5 16. Nd4 Ne4 17. Qc2 Nc6 18. f3 Nb4 19. Qb1 Nc5 20. Rfe1 Nc6 21. Bh3 Rf8 22. Ba1 Rf7 23. Rd2 Qf8 24. Bg2 Re8 25. Nb5 Bc8 26. Nc3 Be6 27. Nd5 Rd7 28. Nf4 Kg8 29. Qb2 Rde7 30. Qc3 Qf7 31. Kf2 Nd7 32. Nd5 Nde5 33. Nxe7+ Qxe7 34. Kg1 Bd7 35. Rde2 Rf8 36. f4 Ng4 37. e4 Re8 38. exf5 1-0

[Event "Platense-ch qual"]
[Site "La Plata"]
[Date "2016.08.30"]
[Round "1.4"]
[White "Di Criscio, Gaston"]
[Black "Maldonado, Gonzalo"]
[Result "1/2-1/2"]
[WhiteElo "1752"]
[BlackElo "1957"]
[PlyCount "71"]
[EventDate "2016.08.30"]
[EventType "swiss"]
[EventRounds "7"]
[EventCountry "ARG"]
[SourceTitle "EXT 2024"]
[Source "ChessBase"]
[SourceDate "2023.10.10"]
[SourceVersion "1"]
[SourceVersionDate "2023.10.10"]
[SourceQuality "1"]

1. d4 Nf6 2. c4 g6 3. Nc3 d5 4. Bf4 Bg7 5. e3 0-0 6. Nf3 Bg4 7. Qb3 Bxf3 8. Qxb7 dxc4 9. gxf3 Nbd7 10. Qxc7 Qe8 11. Qxc4 e5 12. dxe5 Nxe5 13. Bxe5 Qxe5 14. Bg2 Rab8 15. Qe2 Nd5 16. 0-0 Nxc3 17. bxc3 Qxc3 18. Rac1 Qa5 19. Rc2 Rfd8 20. Rfc1 Bf8 21. Rc7 Bd6 22. R7c2 Qh5 23. f4 Qa5 24. Rd1 Bb4 25. Rxd8+ Rxd8 26. Bf3 Bc5 27. Qc4 Bb6 28. Qc3 Qf5 29. Rd2 Rc8 30. Qd3 Rc1+ 31. Kg2 Qf6 32. Rc2 Rxc2 33. Qxc2 g5 34. Qc8+ Kg7 35. fxg5 Qxg5+ 36. Qg4 1/2-1/2